| 000 | 00891 a2200289 4500 | ||
|---|---|---|---|
| 999 |
_c160362 _d26546 |
||
| 001 | 160362 | ||
| 003 | TR-AnTOB | ||
| 005 | 20220415001228.0 | ||
| 008 | 211103b2002 tu ||||| |||| 00| 0 tur d | ||
| 040 |
_aTR-AnTOB _cTR-AnTOB _beng _dTR-AnTOB _erda |
||
| 041 | _atur | ||
| 050 |
_aDR603 _aU487 2002 |
||
| 090 |
_aDR603 _bU487 2002 |
||
| 245 | 0 |
_aUlusal güç birliği paneli : _b05 Ocak 2002 / _cAnkara Ticaret Odası. |
|
| 264 | 1 |
_aAnkara: _bAnkara Ticaret Odası, _c2002. |
|
| 300 |
_a73 pages ; _c24 cm. |
||
| 336 |
_2rdacontent _atext _btxt |
||
| 337 |
_2rdamedia _aunmediated _bn |
||
| 338 |
_2rdacarrier _avolume _bnc |
||
| 651 | 0 |
_aTürkiye _xEkonomik durum _980633 |
|
| 651 | 7 |
_aTürkiye _xSiyaset ve yönetim _y21. yüzyıl _990146 _2etuturkob |
|
| 902 | _aT000828 | ||
| 903 | _aTOBB Özel Koleksiyonu. | ||
| 942 |
_cBK _2lcc |
||
| 945 | _aMÇ, 02.06.2008 | ||